000 01113nam a2200361Ia 4500
003 OSt
005 20220912144545.0
006 a|||||r|||| 00| 0
007 ta
008 220909b |||||||| |||| 00| 0 eng d
020 _a9783540708001 (hbk)
020 _aSL01535699
024 _a162987
037 _b1482, 22/11/2011, Ashutosh Technical Books
037 _cTextual
040 _aCSL
_beng
_cCSL
041 _aeng
082 _aD65,8(B),27, P8 TD
100 _aStepaniuk Jarostaw
245 0 _aRough granular computing in knowledge discovery data mining
260 _aNew Delhi
_b S V
_c2008
300 _ax;158p.
490 _aStudies in computational intelligence;152
500 _aInclude bibliographical references 137-150p; Index 157-158p
650 _a Clustering
650 _a Computing
650 _a Data mining
650 _a Knowledge discovery
650 _aComputer Science
700 _aStepaniuk Jarostaw
942 _hD65,8(B),27, P8 TD
_cTEXL
_2CC
999 _c11951
_d11951